Normal view
MARC view
Entry Personal Name
001 - CONTROL NUMBER
- control field: 78977
003 - CONTROL NUMBER IDENTIFIER
- control field: dpl
005 - DATE AND TIME OF LATEST TRANSACTION
- control field: 20250301123613.0
008 - FIXED-LENGTH DATA ELEMENTS
- fixed length control field: 250301|| aca||aabn | a|a d
040 ## - CATALOGING SOURCE
- Original cataloging agency: dpl
- Transcribing agency: dpl
100 ## - HEADING--PERSONAL NAME
- Personal name: शुक्ल, आचार्य रामचंद्र
670 ## - SOURCE DATA FOUND
- Source citation: Work cat.: (dpl)209890: शुक्ल, आचार्य रामचंद्र, चिंतामणि 2/, 2024
